Những điều cần biết về phát triển, ứng dụng và quản lý hoạt động thương mại điện tử

Сохранить в:
Библиографические подробности
Главные авторы:  Nguyễn,Thị Thanh Thảo,  Những điều cần biết về phát triển, ứng dụng và quản lý hoạt động thương mại điện tử
Формат: Sách
Язык:Undetermined
Опубликовано:  Công Thương  2023
Предметы:
Метки: Добавить метку
Нет меток, Требуется 1-ая метка записи!
Thư viện lưu trữ: Trung tâm Thư viện - Trường Đại học Công nghiệp TP. Hồ Chí Minh
LEADER 00740nam a2200157Ia 4500
001 UIH_08128
008 241002s9999 xx 000 0 und d
082 |a  381 
100 |a  Nguyễn,Thị Thanh Thảo 
100 |a  Những điều cần biết về phát triển, ứng dụng và quản lý hoạt động thương mại điện tử 
245 0 |a  Những điều cần biết về phát triển, ứng dụng và quản lý hoạt động thương mại điện tử 
260 |b  Công Thương 
260 |c  2023 
650 |a Thương mại điện tử 
927 |a Sách 
980 |a Trung tâm Thư viện - Trường Đại học Công nghiệp TP. Hồ Chí Minh